000 00934nas a2200313 4500
001 BR2016003609
003 BR-BrBNA
005 20231205130540.0
007 ta
008 230509b bl.|||p| |||| 00| 00por d
040 _aBR-BrBNA
_bpor
_cBiblioteca Nacional de Agricultura
041 _a(Pt)
072 _aF03
100 1 _aSilva, M.A.P. da
100 1 _aLima, J.J.P.
100 1 _aBiaggioni, M.A.M.
100 1 _aFerreira, G.
100 1 _aCavariani, C.
245 1 _aSeed quality of crambe (Crambe abyssinica Hochst)submitted to different drying methods
650 _aBRASSICACEAE
650 _aSEMENTE
650 _aSECAGEM
650 _aQUALIDADE
650 _aFISIOLOGIA VEGETAL
650 _aMÉTODO ESTATÍSTICO
773 0 _tRevista Ciência Agronômica (Brazil)
_xISSN 0045-6888
_g(Apr-Jun 2016), v. 47(2) p. 358-365
_wBR2016003609
909 _a202311
_bLúcia
_c55
_dLúcia Elande
942 _2AGRIS
_n0
_cANA
999 _c250060
_d250060